000 00530 a2200157 4500
020 _a0-89312-195-9
082 _a624.1831 FAN
_bNUST-01-P-89
090 _c2924
_d2924
100 _aFANELLS, DAVID A
_943115
245 _aDESIGN OF CONCRETE BUILDINGS FOR EARTHQUAKE AND WIND FORCES
_bACCOORDING TO THE 1997 UNIFORM BUILDING CODE
260 _aUSA
_bPORTLAND CEMENT ASSOCIATION
_c1998
300 _aIV, 6-50P.
_c26CM
500 _aCONCRETE
526 _a0
_b0
_c0
_d624_183100000000000_FAN_NUST01
942 _2ddc
_aMCE
_cB
_k624.1834 FAN
999 _c546912
_d546912